000 00365 a2200169 4500
001 171733
020 _a85-7056-073-7
040 _cMagnum
100 _aAlvarenga, Terezinha
240 1 0 _aBilhete no pára-brisa
_lpor
245 1 0 _aBilhete no pára-brisa
300 _a57
362 0 _a2002
440 1 _aAtual
697 _aLITERATURA JUVENIL
942 _cBK
999 _c171733
_d171733